| 000 | 00900nac a22002291u 4500 | ||
|---|---|---|---|
| 010 | _a 2002033739 | ||
| 020 | _a0750655550 | ||
| 082 | 0 | 0 |
_a621.382 _bCRI |
| 090 |
_c6011 _d6011 |
||
| 100 | _aCrisp, John. | ||
| 245 | 1 | 0 |
_aIntroduction to copper cabling : _bapplication for telecomunications, data communications, and networking / _cJohn Crisp. |
| 260 |
_aOxford ; _aBoston : _bNewnes,2002 _c2002. |
||
| 300 |
_a215p.: _bill.; _c23 cm |
||
| 500 | _adistributer: Al-Ahram | ||
| 504 | _aIncludes bibliographical references and index. | ||
| 511 | _acatalogued by: wessam | ||
| 650 | 0 | _aTelecommunication cables. | |
| 650 | 0 | _aCopper wire. | |
| 856 | 4 | 2 |
_3Publisher description _uhttp://www.loc.gov/catdir/description/els031/2002033739.html |
| 856 | 4 | 2 |
_3Table of contents _uhttp://www.loc.gov/catdir/toc/els031/2002033739.html |
| 942 |
_cBB _k621.382CRI |
||
| 999 |
_c6011 _d6011 |
||